The report of the Chief Veterinary Officer: Animal health 2002 / by (Record no. 11811)

MARC details
000 -LEADER
fixed length control field 00876nam a2200253uu 4500
001 - CONTROL NUMBER
control field 14495
003 - CONTROL NUMBER IDENTIFIER
control field HDC
007 - PHYSICAL DESCRIPTION FIXED FIELD--GENERAL INFORMATION
fixed length control field cr a| aaaaaaua
008 - FIXED-LENGTH DATA ELEMENTS--GENERAL INFORMATION
fixed length control field 210215p2003 ||||| |||| 00| 0 eng d
040 ## - CATALOGING SOURCE
Original cataloging agency HDC
100 ## - MAIN ENTRY--PERSONAL NAME
Personal name Milnes, Phil
Relator term author
9 (RLIN) 15058
245 #4 - TITLE STATEMENT
Title The report of the Chief Veterinary Officer: Animal health 2002 / by
Statement of responsibility, etc. Phil Milnes
260 ## - PUBLICATION, DISTRIBUTION, ETC.
Place of publication, distribution, etc. [no place] :
Name of publisher, distributor, etc. [publisher not identified],
Date of publication, distribution, etc. 2003
300 ## - PHYSICAL DESCRIPTION
Extent 1 online resource (140 pages )
336 ## - CONTENT TYPE
Content type term text
Source rdacontent
337 ## - MEDIA TYPE
Media type term computer
Source rdamedia
338 ## - CARRIER TYPE
Carrier type term online resource
Source rdacarrier
650 ## - SUBJECT ADDED ENTRY--TOPICAL TERM
Topical term or geographic name entry element Animal health
9 (RLIN) 7354
650 ## - SUBJECT ADDED ENTRY--TOPICAL TERM
Topical term or geographic name entry element food and diseases
9 (RLIN) 15059
856 ## - ELECTRONIC LOCATION AND ACCESS
Public note Request full-text at [email protected]
942 ## - ADDED ENTRY ELEMENTS (KOHA)
Source of classification or shelving scheme Library of Congress Classification
942 ## - ADDED ENTRY ELEMENTS (KOHA)
Koha item type Electronic Sources
942 ## - ADDED ENTRY ELEMENTS (KOHA)
Call number prefix REPT 000293
Holdings
Withdrawn status Lost status Source of classification or shelving scheme Damaged status Not for loan Home library Current library Shelving location Date acquired Total checkouts Full call number Date last seen Price effective from Koha item type
    Library of Congress Classification     Halal Development Corporation Library Halal Development Corporation Library Open Shelves 24/05/2023   REPT 000293 24/05/2023 24/05/2023 Electronic Sources
Halal Development Corporation Berhad (HDC)
5.02 Level 5, KPMG Tower, First Avenue, Persiaran Bandar Utama, 47800 Petaling Jaya, Selangor Darul Ehsan
Phone: +603 7965 5489 Email: [email protected]